[Event "XXVI Miedzynarodowy Festiwal Szachowy im.Jozefa Dominika"]
[Site "Dobczyce"]
[Date "2018.07.11"]
[Round "1.1"]
[White "Mis, Mieszko"]
[Black "Golenia, Wojciech"]
[Result "1-0"]
[BlackElo "1984"]
[WhiteElo "2291"]
[LiveChessVersion "1.4.8"]

1. Nf3 {[%clk 1:30:51]} e6 {[%clk 1:26:53]} 2. c4 {[%clk 1:30:58]} f5
{[%clk 1:26:40]} 3. d4 {[%clk 1:30:10]} Nf6 {[%clk 1:26:45]} 4. e3
{[%clk 1:28:32]} Bb4+ {[%clk 1:23:33]} 5. Nbd2 {[%clk 1:28:02]} b6
{[%clk 1:21:51]} 6. Bd3 {[%clk 1:25:33]} O-O {[%clk 1:19:13]} 7. O-O
{[%clk 1:22:56]} Bb7 {[%clk 1:17:26]} 8. Qc2 {[%clk 1:21:31]} Nc6
{[%clk 1:11:21]} 9. Rd1 {[%clk 0:45:58]} Bxd2 {[%clk 1:04:52]} 10. Bxd2
{[%clk 0:44:53]} Ne7 {[%clk 1:04:19]} 11. Bc3 {[%clk 0:39:32]} Ne4
{[%clk 0:50:23]} 12. Be1 {[%clk 0:35:04]} Ng6 {[%clk 0:41:21]} 13. Ne5
{[%clk 0:31:15]} Nxe5 {[%clk 0:30:34]} 14. dxe5 {[%clk 0:31:19]} Nc5
{[%clk 0:28:29]} 15. Bf1 {[%clk 0:31:20]} a5 {[%clk 0:23:59]} 16. Rd4
{[%clk 0:28:10]} Be4 {[%clk 0:20:06]} 17. Qe2 {[%clk 0:25:29]} Qg5
{[%clk 0:17:36]} 18. Rad1 {[%clk 0:24:00]} Bc6 {[%clk 0:15:30]} 19. b3
{[%clk 0:22:38]} Rf7 {[%clk 0:13:49]} 20. f3 {[%clk 0:17:59]} Qe7
{[%clk 0:11:37]} 21. Qb2 {[%clk 0:17:16]} Qg5 {[%clk 0:09:55]} 22. Qe2
{[%clk 0:15:13]} Qe7 {[%clk 0:09:34]} 23. Rb1 {[%clk 0:15:32]} Raf8
{[%clk 0:07:51]} 24. a3 {[%clk 0:14:57]} a4 {[%clk 0:05:21]} 25. b4
{[%clk 0:13:58]} Nb3 {[%clk 0:05:44]} 26. Rdd1 {[%clk 0:12:05]} f4
{[%clk 0:03:31]} 27. e4 {[%clk 0:03:12]} Bb7 {[%clk 0:02:17]} 28. Bf2
{[%clk 0:03:01]} g5 {[%clk 0:02:13]} 29. c5 {[%clk 0:03:17]} g4 {[%clk 0:01:48]}
30. cxb6 {[%clk 0:03:11]} g3 {[%clk 0:00:52]} 31. hxg3 {[%clk 0:02:21]} fxg3
{[%clk 0:01:09]} 32. Bxg3 {[%clk 0:02:47]} Qg5 {[%clk 0:01:05]} 33. Qe1
{[%clk 0:02:50]} cxb6 {[%clk 0:00:43]} 34. Bb5 {[%clk 0:02:13]} Bxe4
{[%clk 0:00:34]} 35. Qxe4 {[%clk 0:02:03]} Qxg3 {[%clk 0:00:38]} 36. Qg4+
{[%clk 0:00:37]} Qxg4 {[%clk 0:00:51]} 37. fxg4 {[%clk 0:01:06]} Rf4
{[%clk 0:00:47]} 38. Rxd7 {[%clk 0:00:41]} Nd4 {[%clk 0:00:58]} 39. Bc4
{[%clk 0:00:37]} Rxg4 {[%clk 0:00:51]} 40. Rf1 {[%clk 0:00:37]} b5
{[%clk 0:00:35]} 41. Rxf8+ {[%clk 0:00:42]} Kxf8 {[%clk 0:00:53]} 42. Ba2
{[%clk 0:00:41]} Rf4 {[%clk 0:00:33]} 43. Rxh7 {[%clk 0:00:37]} Kg8
{[%clk 0:00:40]} 44. Rh5 {[%clk 0:00:56]} Ne2+ {[%clk 0:00:38]} 45. Kh2
{[%clk 0:01:25]} Kf7 {[%clk 0:00:43]} 46. Rh6 {[%clk 0:01:47]} Kg7
{[%clk 0:00:45]} 47. Rh5 {[%clk 0:01:12]} Kg6 {[%clk 0:00:56]} 48. Rh3
{[%clk 0:01:35]} Kf5 {[%clk 0:00:33]} 49. Bb1+ {[%clk 0:01:59]} Kg5
{[%clk 0:00:45]} 50. Bd3 {[%clk 0:02:15]} Nd4 {[%clk 0:00:49]} 51. Kg3
{[%clk 0:01:24]} Nf5+ {[%clk 0:00:36]} 52. Kh2 {[%clk 0:01:46]} Nd4
{[%clk 0:00:54]} 53. Kg1 {[%clk 0:01:52]} Rf7 {[%clk 0:00:39]} 54. Re3
{[%clk 0:01:42]} Rf4 {[%clk 0:00:42]} 55. g3 {[%clk 0:00:44]} Rf7
{[%clk 0:00:32]} 56. Re4 {[%clk 0:00:54]} Rd7 {[%clk 0:00:53]} 57. Kf2
{[%clk 0:01:11]} Rd5 {[%clk 0:01:01]} 58. g4 {[%clk 0:00:35]} Nc6
{[%clk 0:01:09]} 59. Ke3 {[%clk 0:00:40]} Nxe5 {[%clk 0:01:07]} 60. Be2
{[%clk 0:01:08]} Kf6 {[%clk 0:00:34]} 61. Rd4 {[%clk 0:01:31]} Nc6
{[%clk 0:00:32]} 62. Rxd5 {[%clk 0:00:59]} exd5 {[%clk 0:00:38]} 63. Bxb5
{[%clk 0:01:23]} Ne5 {[%clk 0:00:32]} 64. Kd4 {[%clk 0:01:07]} Ke6
{[%clk 0:00:53]} 65. Bxa4 {[%clk 0:01:21]} Nxg4 {[%clk 0:01:13]} 66. Bb3
{[%clk 0:01:34]} Nf6 {[%clk 0:00:44]} 67. b5 {[%clk 0:02:00]} Kd6
{[%clk 0:00:54]} 68. a4 {[%clk 0:02:24]} Kc7 {[%clk 0:00:39]} 69. a5
{[%clk 0:02:49]} Kd6 {[%clk 0:00:57]} 70. Ba2 {[%clk 0:02:49]} Kc7
{[%clk 0:00:34]} 71. Bxd5 {[%clk 0:03:04]} Nd7 {[%clk 0:00:53]} 72. Bf3
{[%clk 0:03:21]} Nb8 {[%clk 0:00:35]} 73. Bg4 {[%clk 0:03:43]} Kb7
{[%clk 0:00:59]} 74. Kc5 {[%clk 0:04:06]} Ka7 {[%clk 0:01:16]} 75. Bc8
{[%clk 0:04:18]} 1-0

[Event "XXVI Miedzynarodowy Festiwal Szachowy im.Jozefa Dominika"]
[Site "Dobczyce"]
[Date "2018.07.11"]
[Round "1.2"]
[White "Mirski, Michal"]
[Black "Bednarczyk, Damian"]
[Result "1/2-1/2"]
[BlackElo "2227"]
[WhiteElo "1973"]
[LiveChessVersion "1.4.8"]

1. c4 {[%clk 1:30:51]} Nf6 {[%clk 1:30:32]} 2. Nc3 {[%clk 1:31:04]} e6
{[%clk 1:30:49]} 3. g3 {[%clk 1:30:24]} d5 {[%clk 1:31:01]} 4. Bg2
{[%clk 1:30:01]} Be7 {[%clk 1:30:54]} 5. Nf3 {[%clk 1:28:04]} d4 {[%clk 1:29:04]}
6. Nb5 {[%clk 1:24:58]} Nc6 {[%clk 1:28:24]} 7. d3 {[%clk 1:24:00]} e5
{[%clk 1:25:41]} 8. O-O {[%clk 1:21:19]} O-O {[%clk 1:25:24]} 9. Bg5
{[%clk 1:19:51]} Be6 {[%clk 1:23:09]} 10. a4 {[%clk 1:04:26]} a6 {[%clk 1:15:06]}
11. Na3 {[%clk 1:04:36]} Qd7 {[%clk 1:13:23]} 12. Re1 {[%clk 1:04:00]} h6
{[%clk 1:13:38]} 13. Bxf6 {[%clk 0:54:01]} Bxf6 {[%clk 1:13:54]} 14. Nc2
{[%clk 0:51:49]} a5 {[%clk 1:13:32]} 15. Na3 {[%clk 0:47:00]} Nb4
{[%clk 1:04:18]} 16. Nd2 {[%clk 0:46:01]} c6 {[%clk 1:03:38]} 17. Nc2
{[%clk 0:40:46]} Na6 {[%clk 1:00:45]} 18. Nb3 {[%clk 0:40:42]} Qc7
{[%clk 1:00:40]} 19. Rb1 {[%clk 0:14:25]} Be7 {[%clk 0:54:42]} 20. Qd2
{[%clk 0:13:17]} Bg5 {[%clk 0:54:48]} 21. Qd1 {[%clk 0:07:57]} Rfd8
{[%clk 0:52:53]} 22. Nd2 {[%clk 0:07:08]} Be7 {[%clk 0:52:34]} 23. Ne4
{[%clk 0:06:35]} f5 {[%clk 0:52:37]} 24. Nd2 {[%clk 0:06:44]} Nc5
{[%clk 0:52:51]} 25. Rf1 {[%clk 0:06:03]} Bg5 {[%clk 0:49:38]} 26. Nf3
{[%clk 0:04:23]} Bf6 {[%clk 0:49:43]} 27. Nd2 {[%clk 0:03:50]} Bf7
{[%clk 0:43:09]} 28. f4 {[%clk 0:03:26]} Re8 {[%clk 0:42:02]} 29. fxe5
{[%clk 0:02:55]} Qxe5 {[%clk 0:42:12]} 30. Rf2 {[%clk 0:02:45]} Rad8
{[%clk 0:39:24]} 31. b4 {[%clk 0:02:31]} Nxa4 {[%clk 0:39:00]} 32. Qf1
{[%clk 0:02:19]} Nc3 {[%clk 0:38:32]} 33. Re1 {[%clk 0:01:51]} axb4
{[%clk 0:38:17]} 34. Rxf5 {[%clk 0:01:31]} Qe7 {[%clk 0:37:21]} 35. Ne4
{[%clk 0:00:52]} b3 {[%clk 0:31:56]} 36. Nxc3 {[%clk 0:00:35]} dxc3
{[%clk 0:32:12]} 37. Na1 {[%clk 0:00:49]} b2 {[%clk 0:31:47]} 38. Nc2
{[%clk 0:01:11]} Rxd3 {[%clk 0:31:59]} 39. exd3 {[%clk 0:00:35]} Qxe1
{[%clk 0:32:14]} 40. Nxe1 {[%clk 0:00:49]} Rxe1 {[%clk 0:32:13]} 41. Qxe1
{[%clk 0:01:07]} c2 {[%clk 0:31:24]} 42. Rf1 {[%clk 0:00:42]} Bg5
{[%clk 0:31:33]} 43. h4 {[%clk 0:00:33]} Bf6 {[%clk 0:30:01]} 44. Be4
{[%clk 0:00:39]} b5 {[%clk 0:26:09]} 45. Bxc6 {[%clk 0:00:38]} bxc4
{[%clk 0:25:22]} 46. dxc4 {[%clk 0:00:40]} b1=Q {[%clk 0:24:29]} 47. Qxb1
{[%clk 0:00:34]} cxb1=Q {[%clk 0:24:51]} 48. Rxb1 {[%clk 0:01:02]} Bxc4
{[%clk 0:25:06]} 49. Rb7 {[%clk 0:00:36]} Be5 {[%clk 0:23:44]} 50. Kg2
{[%clk 0:00:37]} h5 {[%clk 0:23:18]} 51. Be4 {[%clk 0:00:35]} Bf7
{[%clk 0:22:41]} 52. Kf3 {[%clk 0:00:33]} g6 {[%clk 0:22:35]} 53. Bc6
{[%clk 0:00:47]} Kf8 {[%clk 0:22:14]} 54. Ra7 {[%clk 0:00:34]} Be6
{[%clk 0:21:57]} 55. Be4 {[%clk 0:00:32]} Bf7 {[%clk 0:22:06]} 56. g4
{[%clk 0:00:33]} hxg4+ {[%clk 0:22:00]} 57. Kxg4 {[%clk 0:01:01]} Bd4
{[%clk 0:22:10]} 58. Rb7 {[%clk 0:00:58]} Bf6 {[%clk 0:22:10]} 59. Rb8+
{[%clk 0:00:33]} Kg7 {[%clk 0:22:28]} 60. Rb7 {[%clk 0:00:49]} Kf8
{[%clk 0:22:47]} 61. Bf3 {[%clk 0:00:39]} Kg8 {[%clk 0:22:38]} 62. Kg3
{[%clk 0:00:31]} Be5+ {[%clk 0:22:47]} 63. Kh3 {[%clk 0:00:38]} Bf6
{[%clk 0:23:00]} 64. Rb5 {[%clk 0:00:51]} Kg7 {[%clk 0:22:56]} 65. h5
{[%clk 0:01:00]} gxh5 {[%clk 0:22:59]} 66. Bxh5 {[%clk 0:01:20]} Be6+
{[%clk 0:23:06]} 67. Bg4 {[%clk 0:01:46]} Bc4 {[%clk 0:23:20]} 68. Rf5
{[%clk 0:00:59]} Kg6 {[%clk 0:23:13]} 69. Kg3 {[%clk 0:01:12]} Be7
{[%clk 0:23:09]} 70. Kf4 {[%clk 0:01:00]} Bd6+ {[%clk 0:20:30]} 71. Ke4
{[%clk 0:01:19]} Be6 {[%clk 0:20:24]} 72. Ra5 {[%clk 0:00:35]} Bc4
{[%clk 0:18:12]} 73. Kd4 {[%clk 0:00:33]} Bc7 {[%clk 0:18:33]} 74. Ra8
{[%clk 0:00:31]} Bf7 {[%clk 0:18:49]} 75. Ke4 {[%clk 0:00:40]} Bg3
{[%clk 0:17:46]} 76. Ra5 {[%clk 0:00:43]} Kf6 {[%clk 0:17:49]} 77. Bh5
{[%clk 0:00:56]} Be6 {[%clk 0:17:55]} 78. Ra6 {[%clk 0:01:11]} Ke7
{[%clk 0:18:25]} 79. Bg4 {[%clk 0:01:01]} Bc4 {[%clk 0:17:59]} 80. Rg6
{[%clk 0:01:15]} Bb3 {[%clk 0:17:45]} 81. Bd1 {[%clk 0:01:19]} Bxd1
{[%clk 0:17:39]} 82. Rxg3 {[%clk 0:01:47]} Kf6 {[%clk 0:17:55]} 83. Kf4
{[%clk 0:02:00]} Ke6 {[%clk 0:17:50]} 84. Rg5 {[%clk 0:02:29]} Bc2
{[%clk 0:18:07]} 85. Rc5 {[%clk 0:02:33]} Bb1 {[%clk 0:18:23]} 86. Re5+
{[%clk 0:02:29]} Kd6 {[%clk 0:17:41]} 87. Re2 {[%clk 0:02:50]} Kd5
{[%clk 0:17:56]} 88. Rb2 {[%clk 0:03:12]} Bg6 {[%clk 0:18:00]} 89. Rd2+
{[%clk 0:02:42]} Ke6 {[%clk 0:18:13]} 90. Re2+ {[%clk 0:02:38]} Kd5
{[%clk 0:18:30]} 91. Re5+ {[%clk 0:02:50]} Kd6 {[%clk 0:18:33]} 92. Ra5
{[%clk 0:02:22]} Bh7 {[%clk 0:18:42]} 93. Ra6+ {[%clk 0:02:40]} Kd5
{[%clk 0:19:05]} 94. Ra7 {[%clk 0:03:01]} Bc2 {[%clk 0:19:26]} 95. Rd7+
{[%clk 0:03:16]} Ke6 {[%clk 0:19:43]} 96. Rd2 {[%clk 0:03:40]} Bb1
{[%clk 0:19:58]} 1/2-1/2

[Event "XXVI Miedzynarodowy Festiwal Szachowy im.Jozefa Dominika"]
[Site "Dobczyce"]
[Date "2018.07.11"]
[Round "1.3"]
[White "Tymrakiewicz, Rafal"]
[Black "Slabek, Grzegorz"]
[Result "0-1"]
[BlackElo "1971"]
[WhiteElo "2218"]
[LiveChessVersion "1.4.8"]

1. d4 {[%clk 1:30:54]} Nf6 {[%clk 1:30:51]} 2. Bf4 {[%clk 1:30:45]} d5
{[%clk 1:29:59]} 3. e3 {[%clk 1:30:36]} c6 {[%clk 1:30:11]} 4. Nf3
{[%clk 1:18:57]} Bg4 {[%clk 1:27:54]} 5. h3 {[%clk 1:15:18]} Bh5 {[%clk 1:27:45]}
6. g4 {[%clk 1:12:46]} Bg6 {[%clk 1:28:01]} 7. Ne5 {[%clk 1:11:08]} Nfd7
{[%clk 1:25:30]} 8. Nxg6 {[%clk 1:10:25]} hxg6 {[%clk 1:25:46]} 9. c4
{[%clk 1:09:39]} e6 {[%clk 1:24:23]} 10. Nc3 {[%clk 1:09:31]} g5 {[%clk 1:23:51]}
11. Bg3 {[%clk 1:08:58]} Nf6 {[%clk 1:22:13]} 12. c5 {[%clk 1:02:43]} b6
{[%clk 1:17:31]} 13. b4 {[%clk 0:54:11]} a5 {[%clk 1:16:23]} 14. b5
{[%clk 0:43:41]} bxc5 {[%clk 1:14:46]} 15. Qa4 {[%clk 0:39:02]} Bd6
{[%clk 1:13:11]} 16. bxc6 {[%clk 0:11:51]} O-O {[%clk 1:12:32]} 17. Bxd6
{[%clk 0:10:19]} Qxd6 {[%clk 1:12:52]} 18. h4 {[%clk 0:10:08]} cxd4
{[%clk 1:11:56]} 19. hxg5 {[%clk 0:08:18]} Ne4 {[%clk 1:08:00]} 20. Nxe4
{[%clk 0:07:12]} dxe4 {[%clk 1:08:23]} 21. Bg2 {[%clk 0:05:44]} dxe3
{[%clk 1:07:44]} 22. Qxe4 {[%clk 0:04:04]} Qd2+ {[%clk 1:07:55]} 0-1

[Event "XXVI Miedzynarodowy Festiwal Szachowy im.Jozefa Dominika"]
[Site "Dobczyce"]
[Date "2018.07.11"]
[Round "1.4"]
[White "Kuciel, Wladyslaw"]
[Black "Kozak, Antoni"]
[Result "1-0"]
[BlackElo "2208"]
[WhiteElo "1963"]
[LiveChessVersion "1.4.8"]

1. d4 {[%clk 1:30:59]} Nf6 {[%clk 1:30:53]} 2. c4 {[%clk 1:31:25]} e6
{[%clk 1:31:18]} 3. Nf3 {[%clk 1:31:49]} c5 {[%clk 1:31:44]} 4. d5
{[%clk 1:31:42]} exd5 {[%clk 1:32:08]} 5. cxd5 {[%clk 1:32:02]} d6
{[%clk 1:32:35]} 6. e4 {[%clk 1:31:19]} g6 {[%clk 1:33:00]} 7. h3
{[%clk 1:29:29]} Bg7 {[%clk 1:33:23]} 8. Bd3 {[%clk 1:29:30]} O-O
{[%clk 1:33:46]} 9. O-O {[%clk 1:29:51]} b5 {[%clk 1:30:46]} 10. a4
{[%clk 1:28:44]} c4 {[%clk 1:18:35]} 11. Bc2 {[%clk 1:24:18]} b4 {[%clk 1:18:41]}
12. Nbd2 {[%clk 1:24:31]} Ba6 {[%clk 1:15:36]} 13. Re1 {[%clk 1:24:20]} Nh5
{[%clk 1:08:39]} 14. Nf1 {[%clk 1:22:10]} b3 {[%clk 1:01:32]} 15. Bb1
{[%clk 1:22:05]} Nd7 {[%clk 1:00:35]} 16. Bg5 {[%clk 1:10:29]} Qa5
{[%clk 0:57:03]} 17. Bd2 {[%clk 1:03:19]} Qc7 {[%clk 0:57:29]} 18. Bc3
{[%clk 1:03:20]} Bxc3 {[%clk 0:57:49]} 19. bxc3 {[%clk 1:03:48]} Ne5
{[%clk 0:57:07]} 20. Nxe5 {[%clk 0:58:03]} dxe5 {[%clk 0:57:31]} 21. Ne3
{[%clk 0:55:37]} Rad8 {[%clk 0:55:52]} 22. a5 {[%clk 0:53:37]} Ng7
{[%clk 0:55:32]} 23. Qf3 {[%clk 0:49:31]} Ne8 {[%clk 0:54:54]} 24. Qg3
{[%clk 0:45:23]} f6 {[%clk 0:55:06]} 25. h4 {[%clk 0:39:50]} Nd6 {[%clk 0:54:50]}
26. h5 {[%clk 0:38:12]} g5 {[%clk 0:53:21]} 27. Qg4 {[%clk 0:34:04]} Bc8
{[%clk 0:53:36]} 28. Qe2 {[%clk 0:34:15]} Bd7 {[%clk 0:54:00]} 29. g3
{[%clk 0:33:56]} Rb8 {[%clk 0:53:58]} 30. Kh1 {[%clk 0:30:51]} Rb5
{[%clk 0:53:52]} 31. h6 {[%clk 0:30:03]} Be8 {[%clk 0:47:10]} 32. f4
{[%clk 0:28:20]} Bg6 {[%clk 0:46:05]} 33. Ng4 {[%clk 0:20:00]} exf4
{[%clk 0:42:47]} 34. e5 {[%clk 0:16:08]} fxe5 {[%clk 0:42:27]} 35. Bxg6
{[%clk 0:15:39]} hxg6 {[%clk 0:40:05]} 36. Qxe5 {[%clk 0:15:24]} Qd7
{[%clk 0:30:54]} 37. Qf6 {[%clk 0:08:12]} Nf5 {[%clk 0:29:04]} 38. Qxg6+
{[%clk 0:07:57]} Kh8 {[%clk 0:29:34]} 39. Nf6 {[%clk 0:07:15]} Nh4
{[%clk 0:26:24]} 40. Nxd7 {[%clk 0:06:16]} Nxg6 {[%clk 0:26:53]} 41. Nxf8
{[%clk 0:06:10]} Nxf8 {[%clk 0:27:22]} 42. Re8 {[%clk 0:05:18]} Kg8
{[%clk 0:27:51]} 43. gxf4 {[%clk 0:05:02]} Kf7 {[%clk 0:27:54]} 44. Rc8
{[%clk 0:04:10]} Rxd5 {[%clk 0:27:47]} 45. Rxc4 {[%clk 0:04:31]} Ne6
{[%clk 0:27:01]} 46. fxg5 {[%clk 0:04:18]} Rxg5 {[%clk 0:26:56]} 47. Rh4
{[%clk 0:04:24]} Kg8 {[%clk 0:26:58]} 48. Rg1 {[%clk 0:04:29]} Rxg1+
{[%clk 0:27:07]} 49. Kxg1 {[%clk 0:04:54]} Nc5 {[%clk 0:27:34]} 50. Rb4
{[%clk 0:04:40]} a6 {[%clk 0:27:44]} 51. Kf2 1-0

[Event "XXVI Miedzynarodowy Festiwal Szachowy im.Jozefa Dominika"]
[Site "Dobczyce"]
[Date "2018.07.11"]
[Round "1.5"]
[White "Lewtak, Dominik"]
[Black "Furtak, Joanna"]
[Result "1-0"]
[BlackElo "1948"]
[WhiteElo "2164"]
[LiveChessVersion "1.4.8"]

1. e4 {[%clk 1:30:56]} e5 {[%clk 1:30:54]} 2. Nf3 {[%clk 1:31:19]} Nc6
{[%clk 1:31:20]} 3. Bb5 {[%clk 1:31:43]} a6 {[%clk 1:31:44]} 4. Ba4
{[%clk 1:32:09]} Nf6 {[%clk 1:32:04]} 5. O-O {[%clk 1:32:27]} Be7
{[%clk 1:32:18]} 6. Qe2 {[%clk 1:30:11]} b5 {[%clk 1:30:36]} 7. Bb3
{[%clk 1:30:33]} d6 {[%clk 1:27:49]} 8. a4 {[%clk 1:27:49]} Bd7 {[%clk 1:15:57]}
9. c3 {[%clk 1:21:16]} O-O {[%clk 1:13:30]} 10. d4 {[%clk 1:19:51]} h6
{[%clk 1:03:59]} 11. Rd1 {[%clk 1:18:57]} Re8 {[%clk 1:00:18]} 12. Nbd2
{[%clk 1:15:37]} Bf8 {[%clk 0:57:41]} 13. dxe5 {[%clk 1:14:18]} Nxe5
{[%clk 0:55:04]} 14. Nxe5 {[%clk 1:11:15]} dxe5 {[%clk 0:55:26]} 15. Nf3
{[%clk 1:10:20]} Qe7 {[%clk 0:54:40]} 16. Nh4 {[%clk 1:08:30]} Bg4
{[%clk 0:38:34]} 17. f3 {[%clk 1:06:32]} Be6 {[%clk 0:38:55]} 18. Bxe6
{[%clk 1:05:59]} Qxe6 {[%clk 0:39:19]} 19. axb5 {[%clk 1:05:47]} Qb6+
{[%clk 0:39:17]} 20. Be3 {[%clk 1:04:28]} Bc5 {[%clk 0:37:23]} 21. Bxc5
{[%clk 1:04:51]} Qxc5+ {[%clk 0:37:50]} 22. Kh1 {[%clk 1:05:16]} axb5
{[%clk 0:37:48]} 23. Rxa8 {[%clk 1:05:37]} Rxa8 {[%clk 0:38:14]} 24. Nf5
{[%clk 1:05:48]} Kh7 {[%clk 0:31:03]} 25. Qd2 {[%clk 1:03:41]} Qf8
{[%clk 0:16:28]} 26. g4 {[%clk 1:01:56]} g6 {[%clk 0:15:37]} 27. g5
{[%clk 0:51:34]} gxf5 {[%clk 0:05:30]} 28. gxf6 {[%clk 0:51:54]} Ra6
{[%clk 0:05:29]} 29. Qd7 {[%clk 0:46:59]} Rxf6 {[%clk 0:03:42]} 30. Qxc7
{[%clk 0:46:48]} fxe4 {[%clk 0:01:48]} 31. Qxe5 {[%clk 0:46:44]} Rg6
{[%clk 0:01:28]} 32. Qxe4 {[%clk 0:46:22]} Qc5 {[%clk 0:00:45]} 33. Qf4
{[%clk 0:44:23]} Qe7 {[%clk 0:00:51]} 34. Qf5 {[%clk 0:43:08]} Qe6
{[%clk 0:00:42]} 35. Qxe6 {[%clk 0:42:59]} Rxe6 {[%clk 0:00:42]} 36. Rd2
{[%clk 0:43:23]} Rg6 {[%clk 0:00:36]} 37. Rd5 {[%clk 0:42:58]} Rb6
{[%clk 0:00:33]} 38. Rd4 {[%clk 0:43:10]} Kg6 {[%clk 0:00:51]} 39. Rb4
{[%clk 0:43:24]} Kf5 {[%clk 0:00:55]} 40. Kg2 {[%clk 0:43:44]} Rd6
{[%clk 0:00:45]} 41. Rxb5+ {[%clk 0:43:58]} Kf4 {[%clk 0:01:10]} 42. Rb4+
{[%clk 0:44:20]} Ke3 {[%clk 0:01:35]} 43. Re4+ {[%clk 0:44:41]} Kd3
{[%clk 0:02:02]} 44. Rd4+ {[%clk 0:44:59]} 1-0

[Event "XXVI Miedzynarodowy Festiwal Szachowy im.Jozefa Dominika"]
[Site "Dobczyce"]
[Date "2018.07.11"]
[Round "1.6"]
[White "Kucharski, Bartlomiej"]
[Black "Kasperek, Ryszard"]
[Result "0-1"]
[BlackElo "2156"]
[WhiteElo "1861"]
[LiveChessVersion "1.4.8"]

1. f4 {[%clk 1:30:40]} Nf6 {[%clk 1:29:03]} 2. b3 {[%clk 1:29:16]} e6
{[%clk 1:19:02]} 3. Bb2 {[%clk 1:28:02]} c5 {[%clk 1:18:39]} 4. Nf3
{[%clk 1:28:08]} Nc6 {[%clk 1:19:01]} 5. e3 {[%clk 1:27:29]} Be7 {[%clk 1:18:10]}
6. Be2 {[%clk 1:15:48]} d6 {[%clk 1:11:32]} 7. O-O {[%clk 1:14:19]} O-O
{[%clk 1:08:37]} 8. c4 {[%clk 1:09:31]} Ne4 {[%clk 0:51:15]} 9. d3
{[%clk 0:47:55]} Bf6 {[%clk 0:49:08]} 10. Qc1 {[%clk 0:47:43]} Bxb2
{[%clk 0:49:08]} 11. Qxb2 {[%clk 0:48:07]} Nf6 {[%clk 0:49:30]} 12. Rd1
{[%clk 0:37:32]} b6 {[%clk 0:40:43]} 13. d4 {[%clk 0:32:17]} Qe7 {[%clk 0:40:53]}
14. Nc3 {[%clk 0:31:55]} Bb7 {[%clk 0:40:43]} 15. dxc5 {[%clk 0:27:12]} dxc5
{[%clk 0:35:42]} 16. e4 {[%clk 0:14:43]} Rfd8 {[%clk 0:24:34]} 17. e5
{[%clk 0:10:59]} Ne8 {[%clk 0:15:47]} 18. Bd3 {[%clk 0:01:42]} f5
{[%clk 0:08:57]} 19. Be2 {[%clk 0:00:39]} Nc7 {[%clk 0:05:12]} 20. Rxd8+
{[%clk 0:00:38]} Rxd8 {[%clk 0:05:40]} 21. Rd1 {[%clk 0:00:52]} Nd4
{[%clk 0:03:12]} 22. Nxd4 {[%clk 0:00:39]} cxd4 {[%clk 0:03:24]} 23. Nb1
{[%clk 0:00:37]} Na6 {[%clk 0:02:55]} 24. Nd2 {[%clk 0:00:36]} d3
{[%clk 0:02:53]} 25. Bf3 {[%clk 0:00:50]} Nc5 {[%clk 0:03:03]} 26. Bxb7
{[%clk 0:00:34]} Qxb7 {[%clk 0:03:26]} 27. Nf3 {[%clk 0:00:35]} Ne4
{[%clk 0:03:20]} 28. b4 {[%clk 0:00:37]} h6 {[%clk 0:02:39]} 29. Nd4
{[%clk 0:00:35]} Qd7 {[%clk 0:01:19]} 30. Rxd3 {[%clk 0:00:50]} Kh7
{[%clk 0:01:39]} 31. Qa1 {[%clk 0:00:33]} Qa4 {[%clk 0:01:49]} 32. Qb2
{[%clk 0:00:40]} a5 {[%clk 0:01:57]} 33. a3 {[%clk 0:00:39]} axb4
{[%clk 0:01:13]} 34. axb4 {[%clk 0:00:59]} Qd7 {[%clk 0:01:30]} 35. Qc2
{[%clk 0:00:46]} Qa7 {[%clk 0:01:14]} 36. Qb2 {[%clk 0:00:36]} Qa6
{[%clk 0:01:22]} 37. Qc2 {[%clk 0:00:32]} Qa1+ {[%clk 0:01:14]} 38. Rd1
{[%clk 0:00:45]} Qa3 {[%clk 0:01:38]} 39. Qe2 {[%clk 0:00:33]} Qc3
{[%clk 0:01:01]} 40. Rd3 {[%clk 0:00:36]} Qxc4 {[%clk 0:01:07]} 41. Qd1
{[%clk 0:00:42]} Qxb4 {[%clk 0:01:15]} 42. h3 {[%clk 0:00:44]} Qc4
{[%clk 0:01:22]} 43. Kh2 {[%clk 0:00:34]} Nf2 {[%clk 0:01:34]} 0-1

[Event "XXVI Miedzynarodowy Festiwal Szachowy im.Jozefa Dominika"]
[Site "Dobczyce"]
[Date "2018.07.11"]
[Round "1.7"]
[White "Szczurek, Krzysztof"]
[Black "Kawula, Andrzej"]
[Result "1-0"]
[BlackElo "1848"]
[WhiteElo "2136"]
[LiveChessVersion "1.4.8"]

1. e4 {[%clk 1:30:57]} e6 {[%clk 1:30:51]} 2. d4 {[%clk 1:31:20]} d5
{[%clk 1:31:15]} 3. exd5 {[%clk 1:31:45]} exd5 {[%clk 1:31:39]} 4. Bd3
{[%clk 1:32:10]} Nf6 {[%clk 1:31:50]} 5. Nf3 {[%clk 1:32:27]} Bd6
{[%clk 1:31:15]} 6. O-O {[%clk 1:31:55]} O-O {[%clk 1:31:27]} 7. Bg5
{[%clk 1:31:47]} h6 {[%clk 1:30:36]} 8. Bh4 {[%clk 1:31:28]} Bg4 {[%clk 1:30:16]}
9. Nbd2 {[%clk 1:27:57]} Nbd7 {[%clk 1:29:43]} 10. c3 {[%clk 1:27:02]} c6
{[%clk 1:28:47]} 11. h3 {[%clk 1:26:11]} Be6 {[%clk 1:26:54]} 12. Re1
{[%clk 1:24:21]} Qc7 {[%clk 1:23:39]} 13. Nf1 {[%clk 1:22:56]} Rfe8
{[%clk 1:14:57]} 14. Bg3 {[%clk 1:21:22]} Bxg3 {[%clk 1:05:44]} 15. Nxg3
{[%clk 1:21:42]} b5 {[%clk 1:05:35]} 16. Qd2 {[%clk 1:20:26]} a5 {[%clk 1:04:34]}
17. Ne5 {[%clk 1:12:47]} Nxe5 {[%clk 1:03:33]} 18. Rxe5 {[%clk 1:12:59]} Nd7
{[%clk 1:02:25]} 19. Re3 {[%clk 1:10:39]} Nf6 {[%clk 1:02:09]} 20. Rf3
{[%clk 1:09:41]} Nh7 {[%clk 0:59:04]} 21. Nh5 {[%clk 1:06:24]} f5
{[%clk 0:22:27]} 22. h4 {[%clk 0:48:38]} Qf7 {[%clk 0:16:48]} 23. Ng3
{[%clk 0:48:29]} Qe7 {[%clk 0:13:19]} 24. Nxf5 {[%clk 0:46:17]} Bxf5
{[%clk 0:13:31]} 25. Bxf5 {[%clk 0:46:39]} Qxh4 {[%clk 0:12:54]} 26. Bd7
{[%clk 0:46:03]} Re4 {[%clk 0:05:54]} 27. Bxc6 {[%clk 0:43:57]} Rd8
{[%clk 0:06:20]} 28. Bxb5 {[%clk 0:41:01]} Ng5 {[%clk 0:06:24]} 29. Rg3
{[%clk 0:39:31]} Qh5 {[%clk 0:05:50]} 30. Qd1 {[%clk 0:39:25]} Qf7
{[%clk 0:05:04]} 31. Bd3 {[%clk 0:31:51]} Rf4 {[%clk 0:05:04]} 32. Qe2
{[%clk 0:31:45]} Re8 {[%clk 0:03:58]} 33. Re3 {[%clk 0:31:59]} Rf8
{[%clk 0:03:39]} 34. Rf1 {[%clk 0:32:07]} Rh4 {[%clk 0:03:19]} 35. Re7
{[%clk 0:30:57]} Qf6 {[%clk 0:02:55]} 36. Qe5 {[%clk 0:29:53]} Rg4
{[%clk 0:01:46]} 37. Qxf6 {[%clk 0:30:05]} Rxf6 {[%clk 0:01:46]} 38. Be2
{[%clk 0:30:16]} Nh3+ {[%clk 0:00:43]} 39. Kh2 {[%clk 0:30:18]} 1-0